000 01044nas a2200289 4500
001 BR0200643
003 BR-BrBNA
005 20231205102737.0
007 ta
008 230509b bl.|||p| |||| 00| 00por d
040 _aBR-BrBNA
_bpor
_cBiblioteca Nacional de Agricultura
041 _a(Pt)
072 _aL10; L53
100 1 _aBerber, R.C.A.
100 1 _aBaruselli, P.S.
100 1 _aMadureira, E.H.
111 1 _a14. Congresso Brasileiro de Reprodução Animal
_cBelo Horizonte, MG (Brazil)
_d1-5 Aug 2001
245 1 _aAvaliação do aproveitamento do estro subsequente à sincronização da ovulação com protocolos "Ovsynch" (GnRH vs. LH)em bubalinos (Bubalus bubalis)
650 _aBÚFALO
650 _aCICLO ESTRAL
650 _aSINCRONIZAÇÃO DO CIO
650 _aOVULAÇÃO
650 _aINSEMINAÇÃO ARTIFICIAL
773 0 _tRevista Brasileira de Reprodução Animal (Brazil)
_xISSN 0102-0803
_g(Jul-Sep 2001), v. 25(3) p. 379-381
_wBR0200643
909 _a202311
_bLúcia
_c55
_dLúcia Elande
942 _2AGRIS
_n0
_cANA
999 _c169104
_d169104